000 00632nam a2200217Ia 4500
003 GCL
008 140319s9999 xx 000 0 ara d
040 _aGCL /
_cGCL
082 0 4 _a709.03
_bن ف
100 1 _aنعمت اسماعيل علام
245 1 0 _aفنون الغرب فى العصورالحديثة /
_cنعمت اسماعيل علام
260 _a[S.N] :
_bدار المعارف ،
_c1983
300 _a255 ص
490 _a
650 0 4 _aالعرب
650 0 4 _aالفن
650 0 4 _aالفنون التشكيلية
650 0 4 _aالفن الحديث
650 0 4 _aتاريخ ونقد
942 _2ddc
_cBK
999 _c55217
_d55217